00693cam a22002297a 4500003000500000005001700005008004100022010001000063011001000073035001000083040000900093110000800102245009500110260002300205300001000228490001600238650002400254650003200278700002200310711011500332830001600447CHAP20220817042544.0971013s1975 r 00010 d a47993 a48965 a53113 cCHAP aFAO13aEl transporte sobre rutas, costos de explotación y tendencias de las operaciones de apeo aRoma :bFAO,c1975 a10 p. 0aFO:TLA/75/514aMaderaxTransporte.14aMaderaxTransportexCostos.0 aOvergaard, Jorge.0 aSeminario FAO-SIDA sobre el Transporte de la Madera en Países de América Latina (d1975 :cOaxtepec, Mor.)0 aFO:TLA/75/5